Public participation in general improvement areas (Record no. 416476)

000 -LEADER
fixed length control field 00500cam a22001337a 4500
008 - FIXED-LENGTH DATA ELEMENTS--GENERAL INFORMATION
fixed length control field 180718b1973 xxu||||| |||| 00| 0 eng d
082 ## - DEWEY DECIMAL CLASSIFICATION NUMBER
Classification number J7x42 Un3 8
245 ## - TITLE STATEMENT
Title Public participation in general improvement areas
Statement of responsibility, etc. by Department Of the Environment
260 ## - PUBLICATION, DISTRIBUTION, ETC.
Place of publication, distribution, etc. London
Name of publisher, distributor, etc. Her Majesty's Stationery Office
Date of publication, distribution, etc. 1973
300 ## - PHYSICAL DESCRIPTION
Extent v, 50p
500 ## - GENERAL NOTE
General note Area Improvement Note; 8
650 ## - SUBJECT ADDED ENTRY--TOPICAL TERM
Topical term or geographic name entry element Urban renewal --Great Britain --Citizen participation --Case studies.
700 ## - ADDED ENTRY--PERSONAL NAME
Personal name U.K. Department Of the Environment
Holdings
Withdrawn status Lost status Damaged status Not for loan Permanent Location Current Location Date acquired Full call number Barcode Date last seen Price effective from Koha item type
        Indian Institute of Public Administration Indian Institute of Public Administration 2009-03-17 J7x42 Un3 8 DA4588 2018-07-21 2018-07-21 DA

Powered by Koha